| 000 | 00880cab a2200229 4500 | ||
|---|---|---|---|
| 001 | ABS47111 | ||
| 008 | 090401t1992 xxu||||| |||| 00| 0 eng d | ||
| 035 | _a(Sirsi) u60863 | ||
| 041 | _aeng | ||
| 100 | _aPunter, J. | ||
| 245 | _aDesign control in the United States: a review of recent research | ||
| 260 | _c1992 | ||
| 350 | _a0 | ||
| 490 |
_aUrban Design Quarterly _v(44) September 1992, 5-10(6) |
||
| 520 | _aReviews recent research into design control in the United States. States that the literature on this subject is relevant due to the task of defining improved policy and guidlines for incorporation into Britain`s new generation of Unitary and District Development Plans. | ||
| 650 | _aDEVELOPMENT PLANS | ||
| 650 | _aSTRATEGIC PLANNING | ||
| 650 | _aUNITARY DEVELOPMENT PLANS | ||
| 690 | _aPLANNING LAW AND PRACTICE | ||
| 942 | _n0 | ||
| 948 | _c04/03/1997 | ||
| 999 |
_c37630 _d37630 |
||